1412 1581 1330 1451 1234 1940 1961 1535 1466 1726 1479 1873 1902 1520 1424 1829 1797 1472 1685 1620 1545 1931 1315 1488 1895 1122 1763 1680 1623 1084 1409 1883 1323 1334 1277 1928 1513 1327 1323 1609 1029 1591 1728 1457 1471 1397 1454 1086 1635 1787 1374 1735 1572 1716 1877 1112 1057 1698 1975 1135 1696 1325 1814 1929 1833 1361 1428 1094 1156 1895 1135 1939 1712 1978 1791 1131 1646 1637 1869 1908 1279 1909 1364 1708 1814 1553 1611 1141 1127 1008 1232 1404 1596 1337 1606 1165 1513 1593 1077 BCNSPRNW ULIB Ver.6.0+V

เปลี่ยนเป็นภาษาไทย

Change to English
 แสดงรายละเอียดบรรณานุกรม
  กลับหน้าหลัก

Brief Record : Get Marc (ISO 2709) : E-mail record : QR code < ปิดหน้าต่าง
LEADER : 00000nam 2200000uu 4500
001    13399110248
003     ULIB
008    110427s2553||||th 000 0 tha d
020    9789744141590
050  4 HF5415^bฟ172 2553
100 1  ฟรายเออร์, บรอนวิน.
245 10 กรณีศึกษาการบริหารการตลาด =^bMarketing through minefields/^cโดย Bronwyn Fryer ; ผู้แปล, สุนีย์รัตน์ ลิมปนวิวิธ.
260    กรุงเทพฯ :^bเอ็กซเปอร์เน็ท,^c2553.
300    227 หน้า ;^c21 ซม.
500    แปลและเรียบเรียงจาก Marketing though minefields.
505 2  เมื่อการไม่มีข่าวคือข่าวดี -- ลูกค้าบางรายสำคัญกว่าอีกหลายๆ รายหรือไม่ ? -- จะจัดการลิขสิทธิ์ที่มีอยู่อย่างไรดี? -- การต่อสู้ของแบรนด์ระดับโลก -- การปรับปรุงคุณภาพที่เสียเปล่า -- สปอนเซอร์อย่างไรให้ได้ผล?
650  4 การตลาด^xกรณีศึกษา.
650  4 การตลาด^xการบริหาร.
650  4 ชื่อตราผลิตภัณฑ์^xการตลาด.
700 1  Fryer, Brownyn.
700 0  สุนีย์รัตน์ ลิมปนวิวิธ.
945    ^p195^l0^i030041
945    ^p195^l0^i030042
995     เกษร
999 ^a ใช้งานได้ทุกระบบ
รายการนี้ยังไม่มีแท็ก
คุณยังไม่ได้ล็อกอิน คุณสามารถมีกิจกรรมร่วมกับเว็บไซต์ได้ แต่ต้องล็อกอินก่อน ::
  ล็อกอิน

รายการสื่อสารสนเทศ

ลำดับที่ ประเภท เลขเรียก/บาร์โค้ด สถานที่ สถานะ
1. การศึกษาทั่วไป
การศึกษาทั่วไป
HF5415 ฟ172 2553 ฉ.2 
  Barcode: 030042
ห้องสมุดวิทยาเขตนครสวรรค์
►หนังสือทั่วไป:l:General Books
บนชั้น

รายการใกล้เคียง
    ผู้แต่ง [ฟรายเออร์, บรอนวิน.]

BibComment


ยังไม่เคยถูกคอมเมนท์

คอมเมนท์ทรัพยากรรายการนี้
  คอมเมนท์: กรณีศึกษาการบริหา..


 Copyright 2026. Bcnsprnw @Library